Normal view
MARC view
- Yu Huaying
Entry Personal Name
001 - CONTROL NUMBER
- control field: 86431
003 - CONTROL NUMBER IDENTIFIER
- control field: NUST
005 - DATE AND TIME OF LATEST TRANSACTION
- control field: 20211210153352.0
008 - FIXED-LENGTH DATA ELEMENTS
- fixed length control field: 211210|| aca||aabn | a|a d
040 ## - CATALOGING SOURCE
- Original cataloging agency: NUST
- Transcribing agency: NUST
100 ## - HEADING--PERSONAL NAME
- Personal name: Yu Huaying
670 ## - SOURCE DATA FOUND
- Source citation: Work cat.: (NUST): Yu Huaying, 101 tips for living in China :, 2019.
